Les départements français traversés par la Seine - Statistiques

Statistiques générales
  • Ce quiz a été pris 100 fois
  • Le résultat moyen est 12 sur 14
Statistiques - réponses
Région Département % Correct
Ile de France Paris
97%
Normandie Seine Maritime
95%
Ile de France Yvelines
95%
Ile de France Seine et Marne
94%
Ile de France Val d'Oise
93%
Ile de France Val de Marne
91%
Normandie Eure
89%
Grand Est Marne
89%
Ile de France Seine Saint Denis
89%
Ile de France Hauts de Seine
86%
Normandie Calvados
84%
Ile de France Essonne
83%
Grand Est Aube
80%
Bourgogne-Franche-Comté Côte d'Or
78%
Aucun quiz correspondant
Distribution des résultats
% des personnes avec chaque résultat
Percentile par nombre de réponses
Votre historique - résultats
Vous n’avez pas pris ce quiz